Normal view
MARC view
Entry Término temático
001 - NÚMERO DE CONTROL
- campo de control: 185083
003 - IDENTIFICADOR DEL NÚMERO DE CONTROL
- campo de control: OSt
005 - FECHA Y HORA DE LA ÚLTIMA TRANSACCIÓN
- campo de control: 20220602025508.0
008 - DATOS DE LONGITUD FIJA
- campo de control de longitud fija: 220602|| aca||aabn | a|a d
040 ## - FUENTE DE LA CATALOGACIÓN
- Centro catalogador/agencia de origen: OSt
- Centro/agencia transcriptor: OSt
150 ## - ENCABEZAMIENTO--TÉRMINO DE MATERIA
- Término de materia o nombre geográfico como elemento de entrada: Plantas - Anatomía \ Morfología vegetal \ Citología e histología vegetal
670 ## - FUENTE DE DATOS ENCONTRADOS
- Cita de la fuente: Work cat.: (OSt)217248: Evert, Ray F. 39000, Esau Anatomía vegetal: Meristemas, células y tejidos de las plantas: su estructura, función y desarrollo / Ray F. Evert; traducción Ma. Jesús Fortes Fortes
